Bilecik Bilecik Bilecik Bilecik Bilecik

Oksa Pollock: sihirli kitap/ (Record no. 48982)

MARC details
000 -BAŞLIK
Sabit Uzunluktaki Kontrol Alanı 01229nam a22004337a 4500
001 - KONTROL NUMARASI
Control Dosyası 0049143
003 - KONTROL NUMARASI KİMLİĞİ
Kontrol Alanı KOHA_MİRAKIL
005 - EN SON İŞLEM TARİHİ ve ZAMANI
Kontrol Alanı 20260207003641.0
007 - FİZİKSEL TANIM SABİT ALAN - GENEL BİLGİ
Sabit uzunluklu kontrol alanı ta
008 - SABİT UZUNLUKTAKİ VERİ ÖGELERİ - GENEL BİLGİ
Sabit Alan 150629b2013 tu |||gr||||#0|||1|tur |
020 ## - ISBN - ULUSLARARASI STANDART KİTAP NUMARASI
Isbn 9786051422596
040 ## - KATALOGLAMA KAYNAĞI
Özgün Kataloglama Kurumu TR-BiSEU
Kataloglama Dili tur
Çeviri Kurumu TR-BiSEU
Açıklama Kuralları rda
041 0# - DİL KODU
Metin ya da ses kaydının dil kodu tur
044 ## - YAYINLAYAN/ÜRETEN KURULUŞUN ÜLKE KODU
ISO country code tu
050 ## - SINIFLAMA ve YER NUMARASI
Sınıflama Numarası PQ2632.P55
Yer Numarası O37 2013
100 1# - KİŞİ ADI
Yazar Adı (Kişi adı) Plichota, Anne.
245 1# - ESER ADI BİLDİRİMİ
Başlık Oksa Pollock: sihirli kitap/
Sorumluluk Bildirimi Anne Plichota ; Anne Plichota ; Cendrine Wolf ; çeviren Damla Kellecioğlu.
264 #1 - ÜRERİM, YAYIN, DAĞITIM ve TELİF BİLDİRİMİ
Yayın yeri İstanbul :
Yayınlayan Artemis Yayınları
Yayın tarihi 2013
300 ## - FİZİKSEL TANIMLAMA
Sayfa, Cilt vb. 558 sayfa; 22 cm.
336 ## - İÇERİK TÜRÜ
Content type term metin
Content type code txt
Source rdacontent
337 ## - MEDYA TÜRÜ
Media type term aracısız
Media type code n
Source rdamedia
338 ## - TAŞIYICI TÜRÜ
Carrier type term cilt
Carrier type code nc
Source rdacarrier
490 1# - DİZİ BİLDİRİMİ
Dizi Bildirimi ABG/180.
490 1# - DİZİ BİLDİRİMİ
Dizi Bildirimi AB/388.
490 1# - DİZİ BİLDİRİMİ
Dizi Bildirimi AÇ/232.
490 1# - DİZİ BİLDİRİMİ
Dizi Bildirimi A/55.
490 1# - DİZİ BİLDİRİMİ
Dizi Bildirimi ;
Cilt Numarası Oksa Pollock ;
-- 1.
650 #0 - KONU BAŞLIĞI EK GİRİŞ - KONU TERİMİ
Konusal terim veya coğrafi ad French fiction.
9 (RLIN) 2076
650 #0 - KONU BAŞLIĞI EK GİRİŞ - KONU TERİMİ
Konusal terim veya coğrafi ad Fransız romanı.
9 (RLIN) 2075
650 #0 - KONU BAŞLIĞI EK GİRİŞ - KONU TERİMİ
Konusal terim veya coğrafi ad French literature.
9 (RLIN) 8690
650 #0 - KONU BAŞLIĞI EK GİRİŞ - KONU TERİMİ
Konusal terim veya coğrafi ad Fransız edebiyatı.
9 (RLIN) 8689
830 1# - SERİ EK GİRİŞİ - TEKBİÇİM ESER ADI
Tekbiçim Başlık ABG/180.
9 (RLIN) 90276
830 1# - SERİ EK GİRİŞİ - TEKBİÇİM ESER ADI
Tekbiçim Başlık AB/388.
9 (RLIN) 90277
830 1# - SERİ EK GİRİŞİ - TEKBİÇİM ESER ADI
Tekbiçim Başlık AÇ/232.
9 (RLIN) 90278
830 1# - SERİ EK GİRİŞİ - TEKBİÇİM ESER ADI
Tekbiçim Başlık A/55.
9 (RLIN) 80866
830 1# - SERİ EK GİRİŞİ - TEKBİÇİM ESER ADI
Tekbiçim Başlık ;
Volume number/sequential designation Oksa Pollock ;
-- 1.
9 (RLIN) 1620
907 ## - LOCAL DATA ELEMENT G, LDG (RLIN)
a Roman
942 ## - EK GİRİŞ ÖGELERİ (KOHA)
Source of classification or shelving scheme Library of Congress Classification
Koha item type Book
Holdings
Materyal Türü Kalıcı Konum Mevcut Konum Raf Yeri Sınıflandırma Kaynağı Edinim Bilgisi Ana Konular Alt Konular Yer Numarası Demirbaş Numarası Fatura Tarihi Maliyet, Alış Fiyatı Maliyet, Yenileme Fiyatı Geri Çekilme Durumu Kayıp Durumu Hasarlı Durumu Kredi için değil Kayıt Tarih Toplam Ödünçverme Son Görülme Tarihi Son Kontrol Tarihi Satın Alma Notu
Book Prof. Dr. Azmi Özcan Kütüphanesi Prof. Dr. Azmi Özcan Kütüphanesi Birûni Salonu Library of Congress Classification Satın DİL VE EDEBİYAT Fransız - İtalyan - İspanyol - Portekiz Edebiyatı PQ2632.P55 O37 2013 0049143 07/07/2015 14.89 14.89         29/06/2015 14 05/12/2024 05/12/2024 B-984687 - B-984797